| 000 | 00379nam a22001577a 4500 | ||
|---|---|---|---|
| 003 | OSt | ||
| 005 | 20240416121949.0 | ||
| 008 | 240416b |||||||| |||| 00| 0 eng d | ||
| 040 | _cMRSPTU | ||
| 100 | _aOsho | ||
| 245 |
_aOSHO Ik Vaddi Vangar _bManukh Da Sunehra Bhavikh |
||
| 250 | _a1st | ||
| 260 |
_aPunjab _bJorbha Publications _c1992 |
||
| 300 | _a111 | ||
| 942 |
_2ddc _cBK _n0 |
||
| 999 |
_c10051 _d10051 |
||